000 01134nam a22002537a 4500
005 20170124103130.0
010 _aB-197995
020 _c200.00
_a819021893
035 _aB-197995
037 _bCen Lib/Ret
040 _aDPL
_bHN
082 _a646.704
_bशर्मार
100 _aशर्मा, रजनी
_983800
245 _aमहिलाओ का सोंदर्य और स्वास्थ्य /
_cरजनी शर्मा
246 _aMahilaon ka sondarya aur swasthya /
_bby Rajani Sharma
260 _a दिल्ली
_bखुराना एंड संस
_c2005
270 _b दिल्ली
_a94, मानक विहार
_e110092
300 _a136पृ.:
_c19सेमी(सजिल्द )
_bसचित्र
650 _aस्वास्थ्य और सोंदर्य
_x
_z
_983801
650 _aसौंदर्य और लिबास--महिलाएं
_983802
650 _aHealth and grooming of offspring
_983803
650 _aBeauty & CLOTHING - Women
_983804
942 _2ddc
_cHN
_h646.704
_mशर्मार
999 _c119201
_d119201